| 000 | 01798cam a2200277 4500 | ||
|---|---|---|---|
| 001 | ABS67194 | ||
| 008 | 031021n2003 000 0 eng u | ||
| 035 | _a(Sirsi) u123952 | ||
| 100 | _aSydenham, A. | ||
| 245 | 2 | _aA retreat from Sunningwell? | |
| 260 | _c2003 | ||
| 490 |
_aFarm Tax Brief _vAugust/September 2003, 7-8(2) |
||
| 520 | _aDiscusses the category of village greens, where inhabitants of any locality have rightfully enjoyed sports and pastimes for at least 20 years in the light of an article from "The Times", Quiet village army liberates greens from builders (14 July 2003), over the conflict between developers and the registration of new village greens. "R v Oxfordshire CC ex p Sunningwell PC" (HL, Abs60977) made it easier for these new village greens to be registered but the Countryside and Rights of Way Act 2000 has changed the predominance test. Discusses two cases, "R v Sunderland City Council ex p Beresford" (CA, Abs65765) and "R v Buckinghamshire CC ex p Laing Homes Ltd" ([2003] EWHC 1578, Abs67014) where applications to register land as village greens have been turned down. Legislation is needed to clarify the situation as these cases illustrate that developers can find themselves landed with claims for village greens on land that may already have planning permission. | ||
| 590 | _aABS | ||
| 650 | _aVILLAGE GREENS | ||
| 650 | _aDEVELOPMENTS | ||
| 650 | _aDEVELOPERS | ||
| 650 | _aPLANNING PERMISSION | ||
| 650 | _aR V OXFORDSHIRE CC AND ANOTHER EX P SUNNINGWELL PARISH COUNCIL | ||
| 650 | _aCOMMONS REGISTRATION ACT 1965 | ||
| 650 | _aCOUNTRYSIDE AND RIGHTS OF WAY ACT 2000 | ||
| 650 | _aR V SUNDERLAND CITY COUNCIL EX P BERESFORD | ||
| 650 | _aR V BUCKINGHAMSHIRE CC AND ANOTHER EX P LAING HOMES LTD | ||
| 690 | _aPROPERTY | ||
| 942 | _n0 | ||
| 999 |
_c73610 _d73610 |
||